Kissing Animals Quiz Stats

 Plays Quiz Updated Apr 28, 2016

Score 0/20 Timer 06:00
15 Plays Today
% Correct
Lions
99.9%
Giraffes
99.2%
Otters
95.9%
Rabbits
94.1%
Kangaroos
93.9%
Frogs
93.4%
Horses
93.3%
Dolphins
93.3%
Moose
92.5%
Hippopotamuses
92%
% Correct
Cheetahs
90.1%
Sloths
90%
Chimpanzees
89%
Orangutans
83.6%
Chameleons
77.6%
Fennec Foxes
74.5%
Red Pandas
72.3%
Parakeets
68.3%
Cockatoos
61.1%
Prairie Dogs
54.4%

You're not logged in!

Compare scores with friends on all Sporcle quizzes.
OR
Log In

Show Comments

Extras

Top Quizzes Today


Score Distribution

Your Account Isn't Verified!

In order to create a playlist on Sporcle, you need to verify the email address you used during registration. Go to your Sporcle Settings to finish the process.

Report this User

Report this user for behavior that violates our Community Guidelines.

Details: